000 06863cam a2202389 i 4500
001 nkc20253669525
003 CZ PrSKC
005 20260407170239.0
007 ta
008 250103s2024 xr a g 6 000 1dcze d
015 _acnb003669525
020 _a9788025745892
_q(vázáno)
035 _a(OCoLC)1514347914
040 _aDCG302
_bcze
_dKLG001
_dABA001
_erda
043 _ae-cs---
045 _ax3x4
072 7 _a94(437)
_xDějiny Česka a Slovenska
_2Konspekt
072 7 _a741.52
_xKomiksy. Komiksové adaptace
_2Konspekt
080 _a(=411.16)-053.2
_2MRF
080 _a314.151.3-054.73
_2MRF
080 _a341.232
_2MRF
080 _a177.72-051
_2MRF
080 _a(437)
_2MRF
080 _a(093)741.52
_2MRF
100 1 _aVerecká, Tereza,
_d1985-
_4aut
245 1 0 _aWinton nebyl sám /
_cTereza Verecká, Mikuláš Podprocký
250 _aPrvní vydání
264 1 _aPraha :
_bArgo,
_c2024
300 _a223 stran :
_bbarevné ilustrace ;
_c32 cm
336 _atext
_btxt
_2rdacontent
336 _astatický obraz
_bsti
_2rdacontent
337 _abez média
_bn
_2rdamedia
338 _asvazek
_bnc
_2rdacarrier
490 1 _aArgomiks. Velká řada ;
_v44. svazek
500 _a"Napsala Tereza Verecká. Nakreslil Mikuláš Podprocký"--Tiráž
504 _aObsahuje bibliografii
520 2 _aBeletrizující formou odvyprávěný komiksový příběh o pomocnících Nicholase Wintona, kteří se na počátku druhé světové války pokoušeli o nemožné - zachránit zejména židovské děti z okupovaných Čech. Komiks vyhrál třikrát cenu Muriel za rok 2024.
_bPraha 1938. Mnichovská dohoda vyhnala z domovů desetitisíce uprchlíků. Nad lidmi se vznáší strach z války a v jejich hlavách víří beznaděj. Zdá se, že situace je bezvýchodná, ale někteří přece jen neztratili naději. Stejně jako sir Nicholas Winton totiž věřili, že není-li něco absolutně nemožné, musí existovat cesta, jak toho dosáhnout. Příběh komiksu Winton nebyl sám je příběhem aktivního dobra. A ukázkou toho, že k hrdinství člověk nepotřebuje neobyčejný život. Jména jako Doreen Warrinerová, Trevor Chadwick, Beatrice Wellingtonová, Marie Schmolková dnes nikomu nic neříkají. A přitom by měly. Protože Winton opravdu nebyl sám. Nakladatelská anotace. Kráceno.
600 1 7 _aWinton, Nicholas,
_d1909-2015
_2czenas
600 1 7 _aWarriner, Doreen,
_d1904-1972
_2czenas
600 1 7 _aChadwick, Trevor,
_d1907-1979
_2czenas
600 1 7 _aWellington, Beatrice,
_d1907-1971
_2czenas
600 1 7 _aSchmolková, Marie,
_d1893-1940
_2czenas
600 1 7 _aStopford, Robert J.,
_d1895-1978
_2czenas
600 1 7 _aBarazetti, Bill,
_d1914-2000
_2czenas
648 7 _a1938-1939
_2czenas
648 7 _a1938-1945
_2czenas
648 7 _a20. století
_2czenas
650 0 7 _ažidovské děti
_zČeskoslovensko
_y1938-1945
_2czenas
650 0 7 _ažidovské děti
_xzáchrana
_y1938-1939
_2czenas
650 0 7 _auprchlíci
_zČeskoslovensko
_y1938-1939
_2czenas
650 0 7 _amezinárodní pomoc
_zČeskoslovensko
_y1938-1939
_2czenas
650 0 7 _afilantropové
_y20. století
_2czenas
650 0 9 _aJewish children
_zCzechoslovakia
_y1938-1945
_2eczenas
650 0 9 _aJewish children
_xrescue
_y1938-1939
_2eczenas
650 0 9 _arefugees
_zCzechoslovakia
_y1938-1939
_2eczenas
650 0 9 _ainternational assistance
_zCzechoslovakia
_y1938-1939
_2eczenas
650 0 9 _aphilanthropists
_y20th century
_2eczenas
655 7 _ahistorické komiksy
_2czenas
655 9 _ahistorical comics
_2eczenas
700 1 _aPodprocký, Mikuláš,
_d1978-
_4ill
830 0 _aArgomiks.
_pVelká řada
900 _b19
910 _aABA001
910 _aABA010
910 _aABA012
910 _aABB060
910 _aABD001
910 _aABD005
910 _aABE301
910 _aABE344
910 _aABG001
910 _aABG004
910 _aABG005
910 _aABG006
910 _aABG010
910 _aABG016
910 _aABG017
910 _aABG502
910 _aABG505
910 _aBKG001
910 _aBKG501
910 _aBKG502
910 _aBKG505
910 _aBNG001
910 _aBNG501
910 _aBOA001
910 _aBOD003
910 _aBOD026
910 _aBOE034
910 _aBOG001
910 _aBRG001
910 _aBRG501
910 _aBRG503
910 _aBVG001
910 _aCBA001
910 _aCHG001
910 _aCHG505
910 _aCKG001
910 _aCLG001
910 _aCRG001
910 _aCVG501
910 _aCVG504
910 _aDCG302
910 _aDOG001
910 _aFMG002
910 _aFMG501
910 _aFMG502
910 _aFMG504
910 _aFMG508
910 _aHBG001
910 _aHBG501
910 _aHKA001
910 _aHKG001
910 _aHOG504
910 _aJCG502
910 _aJEG506
910 _aJHG001
910 _aJHG502
910 _aJIG001
910 _aJNG001
910 _aKAG502
910 _aKHG001
910 _aKHG505
910 _aKLG001
910 _aKLG002
910 _aKLG501
910 _aKMG001
910 _aKMG450
910 _aKMG502
910 _aKTG001
910 _aKTG501
910 _aKVG001
910 _aKVG501
910 _aLIA001
910 _aLID001
910 _aLNG001
910 _aLTG001
910 _aMBG001
910 _aMBG002
910 _aMEG501
910 _aMEG502
910 _aMOG501
910 _aNBG001
910 _aNBG501
910 _aNBG505
910 _aNJG001
910 _aNJG504
910 _aNJG505
910 _aOLA001
910 _aOLD012
910 _aOLG001
910 _aOPG001
910 _aOPG503
910 _aOSA001
910 _aOSG002
910 _aPAG001
910 _aPBG001
910 _aPBG501
910 _aPEG001
910 _aPIG001
910 _aPIG501
910 _aPNA001
910 _aPND002
910 _aPNG001
910 _aPNG503
910 _aPRG001
910 _aPRG501
910 _aPTG001
910 _aPVG001
910 _aRKG001
910 _aROG001
910 _aSMG506
910 _aSOG001
910 _aSTG001
910 _aSUG001
910 _aSUG508
910 _aSUG516
910 _aSUG526
910 _aSUG802
910 _aSVG001
910 _aSVG502
910 _aSVG503
910 _aTAG001
910 _aTPG001
910 _aTPG503
910 _aTRG001
910 _aTUG001
910 _aTUG504
910 _aTUG509
910 _aUHG001
910 _aUHG501
910 _aULG001
910 _aUOG001
910 _aUOG502
910 _aVSG001
910 _aZLD002
910 _aZLG001
910 _aZNG001
910 _aZRG001
910 _aZRG501
942 _2ddc
_cKNIHA
_n0
999 _c1854
_d1854